Making groups effective /

Bibliographic Details
Main Author: Zander, Alvin Frederick, 1913-
Format: Book
Language:English
Published: San Francisco : Jossey-Bass, 1982.
Edition:1st ed.
Series:Jossey-Bass management series.
Subjects:

MARC

Tag First Indicator Second Indicator Subfields
LEADER 00000pam a2200000 a 4500
001 in00000095493
005 20150923173616.0
008 820210s1982 cau b 00110 eng
010 |a  81048667  
020 |a 0875895220 
035 |a (OCoLC)08221595 
035 |9 AAK8136AM 
039 0 |a 2  |b 3  |c 3  |d 3  |e 3 
040 |a DLC  |c DLC  |d TXA  |d UtOrBLW 
049 |a TXAM  |c [1117020] 
050 0 0 |a HM131  |b  Z36 1982 
082 0 |a 302.3  |2 19 
100 1 |a Zander, Alvin Frederick,  |d 1913- 
245 1 0 |a Making groups effective /  |c Alvin Zander. 
250 |a 1st ed. 
264 1 |a San Francisco :  |b Jossey-Bass,  |c 1982. 
300 |a xviii, 188 pages ;  |c 24 cm. 
336 |a text  |b txt  |2 rdacontent 
337 |a unmediated  |b n  |2 rdamedia 
338 |a volume  |b nc  |2 rdacarrier 
490 1 |a A Joint publication in the Jossey-Bass series in social and behavioral science & in management, training, and development 
500 |a Includes index. 
504 |a Bibliography: pages 171-180. 
650 0 |a Group relations training. 
650 0 |a Social groups. 
830 0 |a Jossey-Bass management series. 
999 |a MARS 
999 f f |s 261baa48-562e-3d92-b70e-b1c1c908b8e5  |i 41e9b3b0-93d0-3d17-a7d4-5ca326e7d687  |t 0 
952 f f |p ric  |a Texas A&M University  |b Rellis Campus  |c Joint Library Facility  |d Remote Storage  |t 0  |e HM131 Z36 1982  |h Library of Congress classification  |i unmediated -- volume  |m A14806027497 
998 f f |a HM131 Z36 1982  |t 0  |l Remote Storage